The enterprise cloud : (Record no. 22757)
[ view plain ]
| 000 -LEADER | |
|---|---|
| fixed length control field | 01141cam a22002775a 4500 |
| 001 - CONTROL NUMBER | |
| control field | 18941856 |
| 005 - DATE AND TIME OF LATEST TRANSACTION | |
| control field | 20161020141924.0 |
| 008 - FIXED-LENGTH DATA ELEMENTS--GENERAL INFORMATION | |
| fixed length control field | 160120s2015 cc a frd 001 0 eng d |
| 020 ## - INTERNATIONAL STANDARD BOOK NUMBER | |
| International Standard Book Number | 9781491907627 |
| 020 ## - INTERNATIONAL STANDARD BOOK NUMBER | |
| International Standard Book Number | 1491907622 |
| 040 ## - CATALOGING SOURCE | |
| Original cataloging agency | BTCTA |
| Language of cataloging | eng |
| Transcribing agency | BTCTA |
| Modifying agency | YDXCP |
| -- | BDX |
| -- | WIM |
| -- | FM0 |
| -- | CLE |
| -- | CDX |
| -- | NYP |
| -- | OCLCF |
| -- | DLC |
| -- | EG-ScBUE |
| 082 04 - DEWEY DECIMAL CLASSIFICATION NUMBER | |
| Classification number | 004.6782 |
| Edition number | 22 |
| Item number | BON |
| 100 1# - MAIN ENTRY--PERSONAL NAME | |
| Personal name | Bond, James. |
| 245 14 - TITLE STATEMENT | |
| Title | The enterprise cloud : |
| Remainder of title | best practices for transforming legacy IT / |
| Statement of responsibility, etc | James Bond. |
| 250 ## - EDITION STATEMENT | |
| Edition statement | 1st ed. |
| 260 ## - PUBLICATION, DISTRIBUTION, ETC. (IMPRINT) | |
| Place of publication, distribution, etc | Beijing : |
| Name of publisher, distributor, etc | O'Reilly, |
| Date of publication, distribution, etc | 2015. |
| 300 ## - PHYSICAL DESCRIPTION | |
| Extent | xiii, 377 p. : |
| Other physical details | ill. ; |
| Dimensions | 23 cm. |
| 500 ## - GENERAL NOTE | |
| General note | Index : p. 367-377. |
| 500 ## - GENERAL NOTE | |
| General note | Glossary : p. [355]-366. |
| 505 0# - FORMATTED CONTENTS NOTE | |
| Formatted contents note | Planning and architecture -- Operational transformation -- Deploying your cloud -- Application transformation -- Billing and procurement -- Cloud security -- Cloud management -- Hybrid and cloud brokering -- Industry trends and the future of cloud computing. |
| 650 #7 - SUBJECT ADDED ENTRY--TOPICAL TERM | |
| Topical term or geographic name as entry element | Cloud computing. |
| Source of heading or term | BUEsh |
| 9 (RLIN) | 37309 |
| 650 #7 - SUBJECT ADDED ENTRY--TOPICAL TERM | |
| Topical term or geographic name as entry element | Electronic data processing |
| General subdivision | Distributed processing. |
| Source of heading or term | BUEsh |
| 9 (RLIN) | 4260 |
| 651 ## - SUBJECT ADDED ENTRY--GEOGRAPHIC NAME | |
| Source of heading or term | BUEsh |
| 653 ## - INDEX TERM--UNCONTROLLED | |
| Resource For college | Informatics and Computer Science |
| Arrived date list | October2016 |
| 942 ## - ADDED ENTRY ELEMENTS (KOHA) | |
| Source of classification or shelving scheme | Dewey Decimal Classification |
| Withdrawn status | Item status | Source of classification or shelving scheme | Damaged status | Not for loan | Vendor | Home library | Current library | Shelving location | Date acquired | Source of acquisition | Cost, normal purchase price | Serial Enumeration / chronology | Total Checkouts | Full call number | Barcode | Date last seen | Cost, replacement price | Koha item type |
|---|---|---|---|---|---|---|---|---|---|---|---|---|---|---|---|---|---|---|
| Dewey Decimal Classification | Academic Bookshop | Central Library | Central Library | Lower Floor | 20/10/2016 | Purchase | 406.00 | 9128 | 004.6782 BON | 000034352 | 15/07/2025 | 508.00 | Book - Borrowing |